Zobrazenie a zachytenie svetelných polí na mobilnom zariadení

Gespeichert in:
Bibliographische Detailangaben
1. Verfasser: Handzuš, Ján, 1984- (Verfasst von)
Weitere Verfasser: Drahoš, Peter 1981- (Betreuung Doktorarbeit)
Format: Manuskript Buch
Sprache:Englisch
Veröffentlicht: Bratislava : STU v Bratislave FIIT, 2013
Schlagworte:
Online-Zugang:VAIS
Tags: Tag hinzufügen
Keine Tags, Fügen Sie das erste Tag hinzu!

MARC

LEADER 00000ntm a22000003a 4500
001 stu275761
005 20150617230236.0
008 131005s2013----xo------------------eng-d
040 |a STU  |b slo 
041 0 |a eng 
044 |a xo 
100 1 |a Handzuš, Ján,  |d 1984-  |4 aut  |u I200  |U FIIT Fakulta informatiky a informačných technológií  |T FIIT Ústav informatiky a softvérového inžinierstva  |X 5656  |U I200  |Y 179  |7 A000005656 
242 0 0 |a RENDERING AND CAPTURE OF LIGHTFIELD IMAGES ON MOBILE DEVICE  |y eng 
245 1 |a Zobrazenie a zachytenie svetelných polí na mobilnom zariadení 
260 |a Bratislava :  |b STU v Bratislave FIIT,  |c 2013 
300 |a 47 s  |c príl. 
650 7 |a informatika  |2 stusub 
650 7 |a Informatics  |2 estusub 
700 1 |a Drahoš, Peter  |d 1981-  |4 ths  |u I300  |U FIIT Fakulta informatiky a informačných technológií  |T FIIT Ústav aplikovanej informatiky  |X 10312  |U I300  |Y 180  |7 A00010312 
856 4 |a info a plný text  |u http://is.stuba.sk/zp/portal_zp.pl?podrobnosti=77658  |3 VAIS 
996 |b IBAP51/13  |c I*BAP51/13  |l II680  |s A  |a 24  |w stu275761_0001